[Event "Eastern Asia-ch U18"]
[Site "Tornelo INT"]
[Date "2021.10.31"]
[Round "7"]
[White "Mazhkenov, Alisher"]
[Black "Shintre, Neel"]
[Result "1-0"]
[WhiteElo "1710"]
[BlackElo "1292"]
[PlyCount "91"]
[EventDate "2021.10.29"]
[EventType "swiss"]
[EventRounds "9"]
[EventCountry "NET"]
[SourceTitle "CBM 205 Extra"]
[Source "ChessBase"]
[SourceDate "2022.01.31"]
[SourceVersion "1"]
[SourceVersionDate "2022.01.31"]
[SourceQuality "1"]

1. d4 Nf6 2. c4 e6 3. g3 c6 4. Nf3 d5 5. Bg2 Bd6 6. 0-0 b6 7. Nc3 Ba6 8. Ne5 0-0 9. b3 Qc7 10. f4 Nfd7 11. Qd3 f6 12. Nxd7 Nxd7 13. e4 f5 14. e5 Be7 15. Be3 Rac8 16. Rac1 Ba3 17. Rc2 Qd8 18. Nb1 Bb4 19. a3 Be7 20. Qc3 c5 21. dxc5 Bxc5 22. Rd1 Bxe3+ 23. Qxe3 Qe7 24. Nc3 dxc4 25. b4 Nb8 26. Rcd2 Rcd8 27. Rd6 Rd7 28. Qd4 Rc7 29. Rxe6 Qd7 30. Rd6 Qe8 31. Rd8 Qe7 32. Rd6 Qe8 33. b5 Bb7 34. Bxb7 Rxb7 35. Qxc4+ Kh8 36. Qd4 Rc7 37. Nd5 Rd7 38. Nb4 Rxd6 39. Qxd6 Kg8 40. a4 Rf7 41. e6 Re7 42. Re1 Rd7 43. Qe5 Rd8 44. e7 Rc8 45. Qe6+ Kh8 46. Qxc8 1-0

[Event "Eastern Asia-ch U18"]
[Site "Tornelo INT"]
[Date "2021.10.29"]
[Round "1"]
[White "Tan, Jun Ying"]
[Black "Shintre, Neel"]
[Result "1/2-1/2"]
[WhiteElo "1850"]
[BlackElo "1292"]
[PlyCount "121"]
[EventDate "2021.10.29"]
[EventType "swiss"]
[EventRounds "9"]
[EventCountry "NET"]
[SourceTitle "CBM 205 Extra"]
[Source "ChessBase"]
[SourceDate "2022.01.31"]
[SourceVersion "1"]
[SourceVersionDate "2022.01.31"]
[SourceQuality "1"]

1. d4 Nf6 2. c4 e6 3. Nc3 Bb4 4. e3 c5 5. Nge2 cxd4 6. exd4 d5 7. a3 Be7 8. Nf4 0-0 9. cxd5 exd5 10. Be2 Nc6 11. 0-0 Bf5 12. Bf3 Be4 13. Bxe4 dxe4 14. d5 Na5 15. b4 Nc4 16. Qe2 Rc8 17. Rd1 Nd6 18. Nb5 Nxb5 19. Qxb5 Qc7 20. Be3 a6 21. Qe2 Bd6 22. g3 Qc2 23. Rd2 Qb3 24. Qd1 Qxd1+ 25. Rdxd1 Rc2 26. Rac1 Rfc8 27. Rxc2 Rxc2 28. Bd4 Nd7 29. Re1 Bxf4 30. gxf4 f5 31. Re3 Rd2 32. Bc3 Rxd5 33. f3 exf3 34. Re7 g6 35. Kf2 Rd3 36. Rg7+ Kf8 37. Rxh7 Ke8 38. Be5 g5 39. a4 g4 40. Rh5 Rd2+ 41. Kf1 Nxe5 42. fxe5 f4 43. Rf5 Rxh2 44. Rxf4 Rg2 45. e6 Ke7 46. Rf7+ Kxe6 47. Rxb7 g3 48. Rg7 Kf6 49. Rg8 Rf2+ 50. Kg1 Rg2+ 51. Kf1 Ke5 52. b5 axb5 53. axb5 Kd6 54. b6 Kc6 55. Rg6+ Kb7 56. Rf6 Rf2+ 57. Kg1 Ka6 58. Rg6 Rg2+ 59. Kf1 Kb7 60. Rf6 Rf2+ 61. Kg1 1/2-1/2

[Event "Marianske Lazne op 18th"]
[Site "Marianske Lazne"]
[Date "2019.01.22"]
[Round "5"]
[White "Shintre, Neel"]
[Black "Chudinovskikh, Alexander M"]
[Result "0-1"]
[WhiteElo "2053"]
[BlackElo "2184"]
[PlyCount "96"]
[EventDate "2019.01.19"]
[EventType "swiss"]
[EventRounds "9"]
[EventCountry "CZE"]
[SourceTitle "CBM 188 Extra"]
[Source "ChessBase"]
[SourceDate "2019.02.26"]
[SourceVersion "1"]
[SourceVersionDate "2019.02.26"]
[SourceQuality "1"]

1. d4 Nf6 2. Bg5 d5 3. Bxf6 exf6 4. e3 Bd6 5. c4 dxc4 6. Bxc4 0-0 7. Nc3 Nd7 8. Nf3 Nb6 9. Be2 c6 10. 0-0 f5 11. Rc1 Be6 12. a3 a5 13. Bd3 Re8 14. Qc2 g6 15. Rfd1 a4 16. Qe2 Bb3 17. Bc2 Be6 18. Bd3 Qf6 19. Nd2 Kg7 20. Nc4 Bxc4 21. Bxc4 f4 22. Ba2 fxe3 23. fxe3 Qh4 24. h3 Qg3 25. e4 c5 26. Qb5 Bf4 27. Rc2 Qh2+ 28. Kf1 cxd4 29. Qxb6 dxc3 30. Qxb7 Bg3 31. Rd7 Rf8 32. Rxf7+ Rxf7+ 33. Qxf7+ Kh6 34. Qf3 Rd8 35. Bd5 cxb2 36. Rxb2 Bd6 37. Rf2 Rf8 38. Qe3+ Bf4 39. Qc5 Rb8 40. Qc2 Be3 41. Rf7 Qg1+ 42. Ke2 Qxg2+ 43. Kd3 Qg3 44. Qe2 Bf4+ 45. Kc4 Rb3 46. Qc2 Qxh3 47. e5 Qc8+ 48. Kd4 Be3+ 0-1

[Event "Gujarat op 1st"]
[Site "Ahmedabad"]
[Date "2018.10.07"]
[Round "4"]
[White "Shintre, Neel"]
[Black "Gomes, Mary Ann"]
[Result "1-0"]
[WhiteElo "2093"]
[BlackElo "2302"]
[PlyCount "135"]
[EventDate "2018.10.05"]
[EventType "swiss"]
[EventRounds "10"]
[EventCountry "IND"]
[SourceTitle "CBM 186 Extra"]
[Source "ChessBase"]
[SourceDate "2018.08.24"]
[SourceVersion "1"]
[SourceVersionDate "2018.08.24"]
[SourceQuality "1"]

1. e4 c5 2. c3 g6 3. d4 cxd4 4. cxd4 d5 5. e5 Nc6 6. Nc3 Bg7 7. h3 f6 8. f4 Nh6 9. g4 fxe5 10. fxe5 0-0 11. Bg2 Be6 12. Nf3 Qb6 13. Na4 Qc7 14. Nc5 Bc8 15. 0-0 b6 16. Nd3 Ba6 17. Be3 Qd7 18. Qd2 Nf7 19. Rfe1 e6 20. h4 Rac8 21. Nf4 Na5 22. b3 Rc6 23. g5 Rfc8 24. Rac1 Rxc1 25. Rxc1 Rxc1+ 26. Qxc1 Nc6 27. Bh3 Nfd8 28. h5 Ne7 29. Qc2 Qc8 30. Qd2 Bb5 31. Nh2 gxh5 32. Nxh5 Nf5 33. Nf6+ Kh8 34. Bxf5 exf5 35. Nxd5 Ne6 36. Nf6 Bf8 37. d5 Nc5 38. Qc3 Qb8 39. g6 Nd3 40. a4 Bb4 41. Qc2 Ba6 42. Qg2 Qc7 43. d6 Qb7 44. Qh3 Nxe5 45. Nxh7 Nxg6 46. Bd4+ Kg8 47. Nf6+ Kf7 48. Qh7+ Ke6 49. Qxg6 Bxd6 50. Ne8+ Kd7 51. Nxd6 Qd5 52. Nxf5 Bd3 53. Qg7+ Ke6 54. Qf6+ Kd7 55. Qe7+ Kc6 56. Qe8+ Kb7 57. Qe7+ Ka6 58. b4 Qc4 59. b5+ Ka5 60. Qxa7+ Kb4 61. Bxb6 Qc1+ 62. Kg2 Bxf5 63. Be3 Be4+ 64. Kg3 Qe1+ 65. Kf4 Qh4+ 66. Ng4 Bd3 67. Qd4+ Ka5 68. Bd2# 1-0

[Event "Mumbai Wealth op 3rd"]
[Site "Mumbai"]
[Date "2018.01.03"]
[Round "5"]
[White "Shintre, Neel"]
[Black "Priyanka, Nutakki"]
[Result "0-1"]
[WhiteElo "1784"]
[BlackElo "2107"]
[PlyCount "67"]
[EventDate "2017.12.30"]
[EventType "swiss"]
[EventRounds "9"]
[EventCountry "IND"]
[SourceTitle "CBM 182 Extra"]
[Source "ChessBase"]
[SourceDate "2018.02.23"]
[SourceVersion "1"]
[SourceVersionDate "2018.02.23"]
[SourceQuality "1"]

1. d4 Nf6 2. c4 g6 3. Nc3 d5 4. Nf3 Bg7 5. Bf4 0-0 6. Rc1 c6 7. e3 a6 8. cxd5 cxd5 9. Be2 Nc6 10. 0-0 Bg4 11. h3 Bxf3 12. Bxf3 e6 13. Na4 Qe7 14. Qb3 Rfd8 15. Nc5 b5 16. Be2 e5 17. dxe5 Nxe5 18. a4 Nc4 19. Qb4 Bf8 20. b3 Qxc5 21. Qxc5 Bxc5 22. bxc4 bxc4 23. Bf3 Ra7 24. Rfd1 Rad7 25. Be5 Ne8 26. Bg4 f5 27. Bf3 Kf7 28. Rc2 Ke6 29. Bc3 Nf6 30. Kf1 Ne4 31. Be1 Rb8 32. g3 Rb3 33. Bg2 Rdb7 34. f3 0-1

[Event "Prague Summer op-B 4th"]
[Site "Prague"]
[Date "2017.08.05"]
[Round "2"]
[White "Kraus, Ondrej"]
[Black "Shintre, Neel"]
[Result "1/2-1/2"]
[WhiteElo "1997"]
[BlackElo "1720"]
[PlyCount "92"]
[EventDate "2017.08.04"]
[EventType "swiss"]
[EventRounds "9"]
[EventCountry "CZE"]
[SourceTitle "EXT 2019"]
[Source "ChessBase"]
[SourceDate "2018.10.10"]
[SourceVersion "1"]
[SourceVersionDate "2018.10.10"]
[SourceQuality "1"]

1. Nf3 d5 2. c4 c6 3. Nc3 Nf6 4. d4 a6 5. g3 Bf5 6. Bg2 e6 7. Nh4 Bg4 8. h3 Bh5 9. 0-0 Be7 10. Nf3 Nbd7 11. Bf4 0-0 12. g4 Bg6 13. Nd2 h6 14. Qb3 b5 15. cxb5 cxb5 16. e3 Nb6 17. a4 Nc4 18. Nf3 b4 19. Ne2 Ne4 20. Rfc1 a5 21. Qa2 Ng5 22. b3 Nxf3+ 23. Bxf3 Nd6 24. Bg2 Rc8 25. Rxc8 Qxc8 26. Rc1 Qb7 27. f3 Rc8 28. Qd2 Rxc1+ 29. Qxc1 Qc8 30. Qxc8+ Nxc8 31. Bc7 Bc2 32. Nc1 Nd6 33. Bxa5 Nc4 34. Bc7 Bd6 35. Bxd6 Nxd6 36. Bf1 Nb7 37. Bd3 Bd1 38. Bb1 Na5 39. Ba2 Bxf3 40. Nd3 Nc6 41. Kf2 Be4 42. Ke2 Bxd3+ 43. Kxd3 Kf8 44. Bb1 g5 45. e4 Ke7 46. exd5 exd5 1/2-1/2

[Event "Mumbai Wealth op U13"]
[Site "Mumbai"]
[Date "2016.02.02"]
[Round "6"]
[White "Mullick, Raahil"]
[Black "Shintre, Neel"]
[Result "1-0"]
[WhiteElo "1584"]
[BlackElo "1420"]
[PlyCount "127"]
[EventDate "2016.01.28"]
[EventType "swiss"]
[EventRounds "9"]
[EventCountry "IND"]
[SourceTitle "CBM 170 Extra"]
[Source "ChessBase"]
[SourceDate "2016.02.25"]
[SourceVersion "1"]
[SourceVersionDate "2016.02.25"]
[SourceQuality "1"]

1. e4 e6 2. d4 d5 3. e5 c5 4. c3 Qb6 5. Nf3 Nc6 6. a3 a5 7. Be2 cxd4 8. cxd4 Nge7 9. Nc3 Bd7 10. 0-0 Nf5 11. Be3 Be7 12. Bd3 Nxe3 13. fxe3 0-0 14. Na4 Qd8 15. Qb3 Rb8 16. Nb6 Na7 17. Rac1 Bb5 18. Bxb5 Qxb6 19. Bc4 Qxb3 20. Bxb3 Rbc8 21. Nd2 Bg5 22. Kf2 b5 23. Ke2 Rxc1 24. Rxc1 Rc8 25. Rxc8+ Nxc8 26. e4 dxe4 27. Nxe4 Bc1 28. Nc3 Bxb2 29. Nxb5 Bc1 30. Kd3 Kf8 31. Kc4 Ke7 32. Kc5 Kd7 33. Ba4 Ke7 34. Kc6 Bf4 35. Kc7 Bxh2 36. Kxc8 g5 37. Bd1 f5 38. g4 fxg4 39. Bxg4 Bg1 40. a4 Be3 41. Kc7 Bf2 42. Kc6 Bg3 43. d5 exd5 44. Kxd5 Be1 45. e6 Bb4 46. Nd4 Kf6 47. Nc6 Ba3 48. Nxa5 Kg6 49. Nc6 h5 50. Ne5+ Kh6 51. Nf7+ Kg6 52. Bxh5+ Kxh5 53. Nd6 g4 54. e7 g3 55. e8Q+ Kg4 56. Qe4+ Kh3 57. Nf5 Be7 58. Qxe7 Kg4 59. Ke4 Kh3 60. Qh4+ Kg2 61. Qxg3+ Kh1 62. Qh3+ Kg1 63. Ng3 Kf2 64. Qh2+ 1-0

[Event "Mumbai Wealth op U13"]
[Site "Mumbai"]
[Date "2016.02.01"]
[Round "5"]
[White "Shintre, Neel"]
[Black "Mendonca, Leon Luke"]
[Result "0-1"]
[WhiteElo "1420"]
[BlackElo "1859"]
[PlyCount "80"]
[EventDate "2016.01.28"]
[EventType "swiss"]
[EventRounds "9"]
[EventCountry "IND"]
[SourceTitle "CBM 170 Extra"]
[Source "ChessBase"]
[SourceDate "2016.02.25"]
[SourceVersion "1"]
[SourceVersionDate "2016.02.25"]
[SourceQuality "1"]

1. e4 c5 2. b3 Nc6 3. Bb2 e5 4. Nf3 d6 5. Bc4 g6 6. Nc3 Bg7 7. d3 h6 8. h3 Nge7 9. 0-0 0-0 10. Nd5 Nxd5 11. Bxd5 Qe8 12. Re1 Ne7 13. Bc4 b5 14. Bd5 Nxd5 15. exd5 Qd8 16. c4 Bd7 17. a3 a5 18. Qd2 b4 19. axb4 axb4 20. Rxa8 Qxa8 21. Ra1 Qb7 22. Qc1 Ra8 23. Rxa8+ Qxa8 24. Qa1 Qxa1+ 25. Bxa1 g5 26. g4 f5 27. Nh2 e4 28. Bxg7 exd3 29. Nf1 Kxg7 30. f3 fxg4 31. hxg4 Kf6 32. Kf2 Ke5 33. Ke3 Be8 34. Kxd3 Bg6+ 35. Ke3 Bc2 36. Nd2 Bd1 37. Kd3 Kf4 38. Ne4 Bxf3 39. Nxd6 Bxg4 40. Ne4 Bf5 0-1

[Event "Mumbai Wealth op U13"]
[Site "Mumbai"]
[Date "2016.01.30"]
[Round "3"]
[White "Shintre, Neel"]
[Black "Tanishka, Kotia"]
[Result "1/2-1/2"]
[WhiteElo "1420"]
[BlackElo "1650"]
[PlyCount "79"]
[EventDate "2016.01.28"]
[EventType "swiss"]
[EventRounds "9"]
[EventCountry "IND"]
[SourceTitle "CBM 170 Extra"]
[Source "ChessBase"]
[SourceDate "2016.02.25"]
[SourceVersion "1"]
[SourceVersionDate "2016.02.25"]
[SourceQuality "1"]

1. d4 d5 2. c4 e6 3. Nc3 Nf6 4. Nf3 c6 5. e3 Bd6 6. Qc2 Nbd7 7. Bd3 dxc4 8. Bxc4 0-0 9. 0-0 e5 10. Rd1 Qc7 11. h3 exd4 12. Nxd4 Ne5 13. Bd3 Nxd3 14. Qxd3 Rd8 15. Qe2 Qe7 16. Bd2 Bc7 17. Rac1 Nd5 18. Nxd5 Rxd5 19. Bc3 Rg5 20. Qf3 Qd6 21. Ne2 Qh2+ 22. Kf1 Rxg2 23. Nf4 Rg5 24. Ke2 Be6 25. Rh1 Bc4+ 26. Kd2 Bd5 27. Rxh2 Bxf3 28. h4 Rd8+ 29. Kc2 Be4+ 30. Kb3 Rb5+ 31. Ka3 Rf5 32. Rh3 Bxf4 33. exf4 Rxf4 34. Re3 Bd5 35. Rce1 Kf8 36. Bb4+ Rxb4 37. Kxb4 Bxa2 38. Ra3 Be6 39. Rxa7 b6 40. Kc3 1/2-1/2